UK Towns & Cities A-Z (No Q or X) - Statistics

General Stats
  • This quiz has been taken 50 times
  • The average score is 7 of 24
Answer Stats
Hint Answer % Correct
A------- Aberdeen
70%
M--------- Manchester
68%
B------ Bristol
57%
O----- Oxford
57%
C-------- Cambridge
52%
E-- Ely
45%
G------ Glasgow
43%
D----- Dundee
36%
I-------- Inverness
30%
P---- Perth
27%
R------ Reading
25%
S------ Swansea
25%
J----- Jarrow
23%
Y----- Yeovil
20%
Z----- Zennor
16%
F-------- Folkestone
14%
H------- Hereford
14%
N------ Newport
14%
T------ Torquay
11%
U-------- Uttoxeter
11%
K-------- Kettering
9%
L------ Lisburn
9%
V----- Ventnor
9%
W----- Walsall
7%
No matching quizzes found
Score Distribution
Percent of People with Each Score
Percentile by Number Answered
Your Score History
You have not taken this quiz